00338nam a2200109 a 450000500170000000800410001705000250005810000220008324500550010526000470016065000210020720140414093844.0090910s19uu xx uuu eng d aVCD 791.43bKUB 2007 aJeturian, Jeffrey aKubrador :bthe bet collector /cJeffrey Jeturian. aPhilippines :bParagon Home Video,cc2007. aMotion pictures.